Cantar de Mío Cid
Gorde:
| Egile nagusia: | |
|---|---|
| Formatua: | Liburua |
| Hizkuntza: | gaztelania |
| Argitaratua: |
Madrid
EDAF
2010
|
| Edizioa: | 23a. ed |
| Saila: | Biblioteca EDAF, 6
|
| Gaiak: | |
| Etiketak: |
Etiketa erantsi
Etiketarik gabe, Izan zaitez lehena erregistro honi etiketa jartzen!
|
MARC
| LEADER | 00000cam a2200000 a 4500 | ||
|---|---|---|---|
| 001 | UCG9634 | ||
| 003 | CL-VaPUC | ||
| 008 | 120323e20101100SP |||||||||||||||||spa|d | ||
| 020 | |a 9788441419063 | ||
| 082 | 0 | 4 | |a 863 |b ANO |2 21 |
| 100 | 0 | |a Anónimo |e author |9 561259 | |
| 245 | 1 | 0 | |a Cantar de Mío Cid |
| 250 | |a 23a. ed | ||
| 300 | |a 276 p | ||
| 942 | |c BK | ||
| 945 | |d 20120323 00:00:00 |a dcastane | ||
| 260 | |a Madrid |b EDAF |c 2010 | ||
| 650 | 0 | |a Literatura española |9 306261 | |
| 583 | |a last modification |c 20120323 11:52:00 |k Rodrigo Vera | ||
| 490 | 0 | |a Biblioteca EDAF, 6 | |
| 999 | |c 347180 |d 347178 | ||